000 00306nam a2200121Ia 4500
008 220204s9999 xx 000 0 und d
082 _a657
_bCOR
100 _aCorbett, Peter
245 0 _aAccounting and decision making
260 _aLondon
_bLongman
_c1977
490 _aUnderstandig business
942 _cBK
999 _c27331
_d27331